Devinette qui-suis-je sur les animaux pour adultes - Statistiques

Statistiques générales
  • Ce quiz a été pris 91 fois
  • Le résultat moyen est 3 sur 5
Statistiques - réponses
Devinettes Réponses % Correct
1/Je peux être gris, blanc, noir ou bleu, 2/ Je peux être tigre, renard, bouledogue, taureau, taupe, et bien d’autres, 3/ Je suis parfois scie ou marteau, 4/ J’ai plusieurs rangées de dents, Le requin
100%
1/ Je peux vivre 17 ans sous terre à l’état larvaire, 2/Mon chant est caractéristique de la provence, La cigale
69%
1/ Je suis soit un mammifère soit un poisson, 2/ Une fleur porte le nom de ma gueule, 3/On me rencontre dans plusieurs contes, Le loup
49%
On dit que mes chiffres préférés sont : 4.4.4.7.1.9 La poule (parce que ça ressemble à cot-cot-cot c’est un œuf !)
41%
Mon nom comporte 3 parties de ton corps,
La première te sert à sentir,
La deuxième à t’assoir,
La troisième à voir,
Un écureuil (1-nez-Q-r-oeil)
37%
Aucun quiz correspondant
Distribution des résultats
% des personnes avec chaque résultat
Percentile par nombre de réponses
Votre historique - résultats
Vous n’avez pas pris ce quiz